Initiale joueurs de foot - Statistiques

Statistiques générales
  • Ce quiz a été pris 179 fois
  • Le résultat moyen est 3 sur 15
Statistiques - réponses
Hint Réponse % Correct
C.R. Cristiano Ronaldo
100%
K.B. Karim Benzema
56%
H.K. Harry Kane
39%
L.M. Lionel Messi
39%
K.M. Killian Mbappé
27%
T.K. Toni Kroos
8%
B.S. Bernardo Silva
3%
V.O. Victor Osimhen
3%
P.G. Pep Guardiola
1%
R.D. Ruben Dias
1%
T.C. Thibaut Courtois
1%
A.D. Alphonso Davies
0%
E.H. Ealing Haaland
0%
I.G. Iikay Gündogan
0%
K.M. Kaoru Mitoma
0%
Aucun quiz correspondant
Distribution des résultats
% des personnes avec chaque résultat
Percentile par nombre de réponses
Votre historique - résultats
Vous n’avez pas pris ce quiz